<?xml version="1.0" encoding="UTF-8"?>
<collection xmlns="http://www.loc.gov/MARC21/slim">
<record>
  <controlfield tag="001">84166</controlfield>
  <controlfield tag="005">20210507081948.0</controlfield>
  <datafield tag="024" ind1="7" ind2=" ">
    <subfield code="2">doi</subfield>
    <subfield code="a">10.1007/s11269-018-2114-2</subfield>
  </datafield>
  <datafield tag="024" ind1="8" ind2=" ">
    <subfield code="2">sideral</subfield>
    <subfield code="a">108321</subfield>
  </datafield>
  <datafield tag="037" ind1=" " ind2=" ">
    <subfield code="a">ART-2018-108321</subfield>
  </datafield>
  <datafield tag="041" ind1=" " ind2=" ">
    <subfield code="a">eng</subfield>
  </datafield>
  <datafield tag="100" ind1=" " ind2=" ">
    <subfield code="a">Cebrián, A.C.</subfield>
    <subfield code="u">Universidad de Zaragoza</subfield>
    <subfield code="0">(orcid)0000-0002-9052-9674</subfield>
  </datafield>
  <datafield tag="245" ind1=" " ind2=" ">
    <subfield code="a">Dynamic regression model for hourly river level forecasting under risk situations: An application to the Ebro River</subfield>
  </datafield>
  <datafield tag="260" ind1=" " ind2=" ">
    <subfield code="c">2018</subfield>
  </datafield>
  <datafield tag="506" ind1="0" ind2=" ">
    <subfield code="a">Access copy available to the general public</subfield>
    <subfield code="f">Unrestricted</subfield>
  </datafield>
  <datafield tag="520" ind1="3" ind2=" ">
    <subfield code="a">This work proposes a new statistical modelling approach to forecast the hourly river level at a gauging station, under potential flood risk situations and over a medium-term prediction horizon (around three days). For that aim we introduce a new model, the switching regression model with ARMA errors, which takes into account the serial correlation structure of the hourly level series, and the changing time delay between them. A whole modelling approach is developed, including a two-step estimation, which improves the medium-term prediction performance of the model, and uncertainty measures of the predictions. The proposed model not only provides predictions for longer periods than other statistical models, but also helps to understand the physics of the river, by characterizing the relationship between the river level in a gauging station and its influential factors. This approach is applied to forecast the Ebro River level at Zaragoza (Spain), using as input the series at Tudela. The approach has shown to be useful and the resulting model provides satisfactory hourly predictions, which can be fast and easily updated, together with their confidence intervals. The fitted model outperforms the predictions from other statistical and numerical models, specially in long prediction horizons.</subfield>
  </datafield>
  <datafield tag="536" ind1=" " ind2=" ">
    <subfield code="9">info:eu-repo/grantAgreement/ES/DGA/E22</subfield>
    <subfield code="9">info:eu-repo/grantAgreement/ES/MICINN/MTM2017-83812-P</subfield>
  </datafield>
  <datafield tag="540" ind1=" " ind2=" ">
    <subfield code="9">info:eu-repo/semantics/openAccess</subfield>
    <subfield code="a">All rights reserved</subfield>
    <subfield code="u">http://www.europeana.eu/rights/rr-f/</subfield>
  </datafield>
  <datafield tag="590" ind1=" " ind2=" ">
    <subfield code="a">2.987</subfield>
    <subfield code="b">2018</subfield>
  </datafield>
  <datafield tag="591" ind1=" " ind2=" ">
    <subfield code="a">WATER RESOURCES</subfield>
    <subfield code="b">18 / 91 = 0.198</subfield>
    <subfield code="c">2018</subfield>
    <subfield code="d">Q1</subfield>
    <subfield code="e">T1</subfield>
  </datafield>
  <datafield tag="591" ind1=" " ind2=" ">
    <subfield code="a">ENGINEERING, CIVIL</subfield>
    <subfield code="b">24 / 132 = 0.182</subfield>
    <subfield code="c">2018</subfield>
    <subfield code="d">Q1</subfield>
    <subfield code="e">T1</subfield>
  </datafield>
  <datafield tag="592" ind1=" " ind2=" ">
    <subfield code="a">1.097</subfield>
    <subfield code="b">2018</subfield>
  </datafield>
  <datafield tag="593" ind1=" " ind2=" ">
    <subfield code="a">Water Science and Technology</subfield>
    <subfield code="c">2018</subfield>
    <subfield code="d">Q1</subfield>
  </datafield>
  <datafield tag="593" ind1=" " ind2=" ">
    <subfield code="a">Civil and Structural Engineering</subfield>
    <subfield code="c">2018</subfield>
    <subfield code="d">Q1</subfield>
  </datafield>
  <datafield tag="655" ind1=" " ind2="4">
    <subfield code="a">info:eu-repo/semantics/article</subfield>
    <subfield code="v">info:eu-repo/semantics/acceptedVersion</subfield>
  </datafield>
  <datafield tag="700" ind1=" " ind2=" ">
    <subfield code="a">Abaurrea, J.</subfield>
    <subfield code="u">Universidad de Zaragoza</subfield>
    <subfield code="0">(orcid)0000-0002-7974-7435</subfield>
  </datafield>
  <datafield tag="700" ind1=" " ind2=" ">
    <subfield code="a">Asín, J.</subfield>
    <subfield code="u">Universidad de Zaragoza</subfield>
    <subfield code="0">(orcid)0000-0002-0174-789X</subfield>
  </datafield>
  <datafield tag="700" ind1=" " ind2=" ">
    <subfield code="a">Segarra, E.</subfield>
  </datafield>
  <datafield tag="710" ind1="2" ind2=" ">
    <subfield code="1">2007</subfield>
    <subfield code="2">265</subfield>
    <subfield code="a">Universidad de Zaragoza</subfield>
    <subfield code="b">Dpto. Métodos Estadísticos</subfield>
    <subfield code="c">Área Estadís. Investig. Opera.</subfield>
  </datafield>
  <datafield tag="773" ind1=" " ind2=" ">
    <subfield code="g">33, 2 (2018), 523–537</subfield>
    <subfield code="p">Water resour. manag.</subfield>
    <subfield code="t">WATER RESOURCES MANAGEMENT</subfield>
    <subfield code="x">0920-4741</subfield>
  </datafield>
  <datafield tag="856" ind1="4" ind2=" ">
    <subfield code="s">2084558</subfield>
    <subfield code="u">http://zaguan.unizar.es/record/84166/files/texto_completo.pdf</subfield>
    <subfield code="y">Postprint</subfield>
  </datafield>
  <datafield tag="856" ind1="4" ind2=" ">
    <subfield code="s">54301</subfield>
    <subfield code="u">http://zaguan.unizar.es/record/84166/files/texto_completo.jpg?subformat=icon</subfield>
    <subfield code="x">icon</subfield>
    <subfield code="y">Postprint</subfield>
  </datafield>
  <datafield tag="909" ind1="C" ind2="O">
    <subfield code="o">oai:zaguan.unizar.es:84166</subfield>
    <subfield code="p">articulos</subfield>
    <subfield code="p">driver</subfield>
  </datafield>
  <datafield tag="951" ind1=" " ind2=" ">
    <subfield code="a">2021-05-07-08:11:15</subfield>
  </datafield>
  <datafield tag="980" ind1=" " ind2=" ">
    <subfield code="a">ARTICLE</subfield>
  </datafield>
</record>
</collection>